Statistics for Countries that Produce the Most Wine

Click here to take the quiz!

General Stats

  • This quiz has been taken 108,164 times
    (16,087 since last reset)
  • The average score is 16 of 20

Answer Stats

Metric TonsCountry% Correct
2,384 kUnited States
99%
4,889 kFrance
99%
5,415 kItaly
98%
4,440 kSpain
97%
633 kGermany
92%
1,285 kAustralia
90%
588 kPortugal
90%
1,452 kArgentina
90%
1,922 kChina
90%
390 kBrazil
87%
1,290 kChile
86%
300 kGreece
86%
428 kRussia
85%
302 kNew Zealand
81%
950 kSouth Africa
73%
222 kAustria
72%
126 kRomania
64%
355 kHungary
59%
117 kBulgaria
58%
178 kMoldova
29%

Score Distribution

Percentile by Number Answered

Percent of People with Each Score

Your Score History

You have not taken this quiz since the last reset